[Event "DFMM-LV"]
[Site "Braunfels"]
[Date "2013.06.02"]
[Round "5.3"]
[White "Hynar, Alexandra"]
[Black "Schmidt, Jade"]
[Result "0-1"]
[WhiteElo "1874"]
[BlackElo "2089"]
[PlyCount "110"]
[EventDate "2013.05.30"]
[EventType "team-swiss"]
[EventCountry "GER"]
[WhiteTeam "Hessen II"]
[BlackTeam "Hamburg"]
[WhiteTeamCountry "GER"]
[BlackTeamCountry "GER"]

1. c4 c6 2. Nc3 d5 3. cxd5 cxd5 4. Nf3 Nc6 5. d4 Nf6 6. Bg5 Ne4 7. e3 Qa5 8.
Qb3 e6 9. Qb5 Bb4 10. Qxa5 Bxa5 11. Rc1 Bd7 12. Be2 a6 13. O-O Bxc3 14. bxc3
Nxg5 15. Nxg5 Na5 16. c4 dxc4 17. Bxc4 Nxc4 18. Rxc4 Bb5 19. Rc7 Bxf1 20. Kxf1
O-O 21. Rxb7 Rab8 22. Ra7 Rb1+ 23. Ke2 Rb2+ 24. Kf3 Rxa2 25. Ne4 h6 26. Nc5 a5
27. Nd7 Rc8 28. Ne5 Rcc2 29. Ra8+ Kh7 30. Nd3 Rd2 31. Nc5 Rxf2+ 32. Ke4 Rxg2
33. Ra7 Rgf2 34. Nd3 Rf1 35. Nf4 Rxf4+ 36. exf4 a4 37. Rxf7 a3 38. f5 exf5+ 39.
Rxf5 Ra1 40. Ra5 a2 41. Kd5 Kg6 42. Kd6 Kf6 43. d5 g5 44. Kd7 Rd1 45. Rxa2
Rxd5+ 46. Kc6 Rd1 47. Kc5 Kf5 48. Ra4 g4 49. Ra8 h5 50. Rf8+ Kg5 51. Rg8+ Kh4
52. Rh8 Rd2 53. Kc4 Rxh2 54. Kd4 Re2 55. Kd3 Re7 0-1

[Event "DFMM-LV"]
[Site "Braunfels"]
[Date "2013.06.02"]
[Round "5.4"]
[White "Zickelbein, Eva Maria"]
[Black "Krausse, Vanessa"]
[Result "1-0"]
[WhiteElo "2087"]
[BlackElo "1576"]
[PlyCount "43"]
[EventDate "2013.05.30"]
[EventType "team-swiss"]
[EventCountry "GER"]
[WhiteTeam "Hamburg"]
[BlackTeam "Hessen II"]
[WhiteTeamCountry "GER"]
[BlackTeamCountry "GER"]

1. e4 c5 2. Nc3 d6 3. Bb5+ Bd7 4. Bxd7+ Nxd7 5. f4 g6 6. Nf3 Bg7 7. d3 Ngf6 8.
O-O O-O 9. Qe1 Qb6 10. Kh1 Rac8 11. Qh4 e6 12. f5 exf5 13. Rb1 Qd8 14. Bg5 Qc7
15. exf5 a6 16. Bh6 Bxh6 17. Qxh6 Ng4 18. Qh4 Ne3 19. Ng5 Nf6 20. Rf3 Nxf5 21.
Rxf5 gxf5 22. Nd5 1-0

[Event "DFMM-LV"]
[Site "Braunfels"]
[Date "2013.06.02"]
[Round "5.5"]
[White "Hanka, Katrin"]
[Black "Winnicki, Alice"]
[Result "0-1"]
[WhiteElo "1353"]
[BlackElo "2062"]
[PlyCount "74"]
[EventDate "2013.05.30"]
[EventType "team-swiss"]
[EventCountry "GER"]
[WhiteTeam "Hessen II"]
[BlackTeam "Hamburg"]
[WhiteTeamCountry "GER"]
[BlackTeamCountry "GER"]

1. d4 d5 2. Nf3 Nf6 3. c4 g6 4. Bf4 Bg7 5. Nc3 O-O 6. Qd2 c5 7. Bh6 cxd4 8.
Nxd4 e5 9. Bxg7 Kxg7 10. Nf3 d4 11. O-O-O Nc6 12. Na4 Ne4 13. Qe1 Bf5 14. e3
Rc8 15. Bd3 b5 16. Bxe4 Bxe4 17. Nc3 Bxf3 18. gxf3 bxc4 19. exd4 exd4 20. Kb1
Qb6 21. Ne4 Rb8 22. Qd2 c3 23. Nxc3 dxc3 24. Qxc3+ Kg8 25. Rd6 Rfc8 26. Rc1
Qxf2 27. Rc2 Qg1+ 28. Rc1 Qxh2 29. Rc2 Qxd6 30. Rd2 Qb4 31. Qe3 Re8 32. Qf2
Rbd8 33. Rxd8 Rxd8 34. a3 Rd2 35. axb4 Rxf2 36. Ka2 Nxb4+ 37. Kb3 Nd3 0-1

[Event "DFMM-LV"]
[Site "Braunfels"]
[Date "2013.06.02"]
[Round "5.6"]
[White "Brandt, Carina"]
[Black "Hauk, Viktoria"]
[Result "1-0"]
[WhiteElo "1834"]
[BlackElo "1469"]
[PlyCount "33"]
[EventDate "2013.05.30"]
[EventType "team-swiss"]
[EventCountry "GER"]
[WhiteTeam "Hamburg"]
[BlackTeam "Hessen II"]
[WhiteTeamCountry "GER"]
[BlackTeamCountry "GER"]

1. e4 e5 2. Nf3 Nc6 3. Bc4 Bc5 4. b4 Bxb4 5. c3 Ba5 6. Qb3 Qe7 7. O-O h6 8. Ba3
d6 9. d4 Bg4 10. Qxb7 Rb8 11. Qxc6+ Bd7 12. Qa6 Bb6 13. Nxe5 dxe5 14. Bxe7 Nxe7
15. Qa3 exd4 16. cxd4 Bxd4 17. Nc3 1-0

[Event "DFMM-LV"]
[Site "Braunfels"]
[Date "2013.06.02"]
[Round "5.7"]
[White "Schardt, Madeleine"]
[Black "Reinkens, Natalia"]
[Result "1/2-1/2"]
[WhiteElo "1478"]
[BlackElo "1767"]
[PlyCount "41"]
[EventDate "2013.05.30"]
[EventType "team-swiss"]
[EventCountry "GER"]
[WhiteTeam "Hessen II"]
[BlackTeam "Hamburg"]
[WhiteTeamCountry "GER"]
[BlackTeamCountry "GER"]

1. b3 Nf6 2. Bb2 d5 3. e3 e6 4. Nf3 Be7 5. Be2 O-O 6. O-O Nbd7 7. d3 c5 8. Nbd2
b6 9. c4 Bb7 10. d4 Rc8 11. Rc1 Bd6 12. dxc5 Nxc5 13. cxd5 Nxd5 14. Nc4 Bb8 15.
Qd4 Nf6 16. Rfd1 Qc7 17. Qh4 Qe7 18. Be5 Bxe5 19. Ncxe5 Rfd8 20. Rxd8+ Rxd8 21.
Nd4 1/2-1/2

[Event "DFMM-LV"]
[Site "Braunfels"]
[Date "2013.06.02"]
[Round "5.8"]
[White "Neumann, Ramona"]
[Black "Saul, Lydia K"]
[Result "1-0"]
[WhiteElo "1717"]
[BlackElo "1142"]
[PlyCount "35"]
[EventDate "2013.05.30"]
[EventType "team-swiss"]
[EventCountry "GER"]
[WhiteTeam "Hamburg"]
[BlackTeam "Hessen II"]
[WhiteTeamCountry "GER"]
[BlackTeamCountry "GER"]

1. e4 c5 2. Nf3 Nc6 3. d4 cxd4 4. Nxd4 e6 5. Nc3 Bc5 6. Be3 Bxd4 7. Bxd4 Nxd4
8. Qxd4 Qf6 9. e5 Qd8 10. Qg4 g6 11. O-O-O Ne7 12. h4 h5 13. Qf4 Qc7 14. Ne4
Nd5 15. Rxd5 exd5 16. Nd6+ Qxd6 17. exd6 b6 18. Qe5+ 1-0

[Event "DFMM-LV"]
[Site "Braunfels"]
[Date "2013.06.02"]
[Round "5.1"]
[White "Steinbacher, Claudia"]
[Black "Barpiyeva, Gulsana"]
[Result "1/2-1/2"]
[WhiteElo "2125"]
[BlackElo "2100"]
[PlyCount "110"]
[EventDate "2013.05.30"]
[EventType "team-swiss"]
[EventCountry "GER"]
[WhiteTeam "Sachsen"]
[BlackTeam "Hessen"]
[WhiteTeamCountry "GER"]
[BlackTeamCountry "GER"]

1. d4 Nf6 2. c4 c5 3. d5 b5 4. Qc2 bxc4 5. e4 d6 6. Bxc4 g6 7. Nc3 Bg7 8. Nf3
O-O 9. O-O Ba6 10. Nd2 Bxc4 11. Nxc4 Nbd7 12. Nd1 Nb6 13. Nde3 Nxc4 14. Nxc4
Nd7 15. Bd2 Nb6 16. Na5 Qd7 17. Rad1 Rab8 18. b3 Rfc8 19. Nc6 Rb7 20. Qd3 Rbc7
21. Bg5 Re8 22. Na5 Rec8 23. Rc1 Rf8 24. Rfe1 Qg4 25. Qd2 Qc8 26. Qd3 Qg4 27.
Bd2 Qc8 28. h3 Nd7 29. f4 Nb6 30. Nc4 Nxc4 31. Rxc4 Qa6 32. Qc2 Rfc8 33. Rc1
Rb7 34. Kh2 Rcb8 35. Ra4 Qb5 36. Qc4 Qxc4 37. Rcxc4 f5 38. Ra6 fxe4 39. Rxe4
Kf7 40. g4 Bf6 41. Kg3 Rd7 42. Raa4 Re8 43. Re6 Rc8 44. g5 Bd4 45. Rc4 Rb8 46.
Kg4 Bg7 47. h4 h5+ 48. Kf3 Rf8 49. Ke4 Bd4 50. Rc1 Bf2 51. Rf1 Bxh4 52. Kf3 Kg7
53. Kg2 Rf5 54. Rh1 Bxg5 55. fxg5 Rxd5 1/2-1/2

[Event "DFMM-LV"]
[Site "Braunfels"]
[Date "2013.06.02"]
[Round "5.2"]
[White "Schlein, Julia"]
[Black "Daemering, Katrin"]
[Result "0-1"]
[WhiteElo "2095"]
[BlackElo "2043"]
[PlyCount "152"]
[EventDate "2013.05.30"]
[EventType "team-swiss"]
[EventCountry "GER"]
[WhiteTeam "Hessen"]
[BlackTeam "Sachsen"]
[WhiteTeamCountry "GER"]
[BlackTeamCountry "GER"]

1. d4 Nf6 2. c4 c5 3. e3 cxd4 4. exd4 d6 5. Nc3 g6 6. Nf3 Bg7 7. Be2 O-O 8. h3
a6 9. Be3 Nbd7 10. O-O Rb8 11. Qd2 Re8 12. Rfd1 b6 13. Rac1 Bb7 14. d5 Nc5 15.
Nd4 Qc7 16. Bf3 Ncd7 17. Na4 Ne5 18. Be2 Ne4 19. Qb4 Ba8 20. Qa3 e6 21. b4 Qe7
22. b5 axb5 23. Nxb5 exd5 24. cxd5 Nc5 25. Nac3 Bb7 26. Nd4 Rec8 27. Rb1 Ned7
28. Bb5 Ra8 29. Qb4 Na6 30. Qb2 Nac5 31. Qd2 Ra3 32. Bc6 Ne5 33. Rxb6 Nc4 34.
Qc1 Rxc3 35. Qxc3 Nxb6 36. Qb4 Nxd5 37. Bxd5 Bxd5 38. Nf5 gxf5 39. Rxd5 Qe6 40.
Rd1 Qxa2 41. Qf4 Ne6 42. Qxf5 Qa6 43. Qg4 Rd8 44. h4 Kf8 45. Qf5 Qa4 46. Rb1
Qxh4 47. Rb7 Qf6 48. Qxh7 Qg6 49. Qh4 Bf6 50. Qh3 Ng5 51. Qg4 Qe4 52. Qxe4 Nxe4
53. Kf1 Ke8 54. Ke2 Rd7 55. Rb4 Nc3+ 56. Kd3 Nd5 57. Re4+ Re7 58. Ra4 Nxe3 59.
fxe3 Rb7 60. g4 Bg5 61. Ke4 Rb5 62. Ra3 Ke7 63. Kf3 Ke6 64. Rd3 f6 65. Ra3 Re5
66. Rd3 d5 67. Ra3 Rxe3+ 68. Rxe3+ Bxe3 69. Kxe3 Ke5 70. Kd3 d4 71. Kd2 Ke4 72.
Ke2 d3+ 73. Kd1 Kf3 74. Kd2 Kxg4 75. Kxd3 Kf3 76. Kd2 Kf2 0-1

[Event "DFMM-LV"]
[Site "Braunfels"]
[Date "2013.06.02"]
[Round "5.3"]
[White "Nagel, Verena"]
[Black "Bluhm, Sonja Maria"]
[Result "0-1"]
[WhiteElo "2013"]
[BlackElo "2030"]
[PlyCount "76"]
[EventDate "2013.05.30"]
[EventType "team-swiss"]
[EventCountry "GER"]
[WhiteTeam "Sachsen"]
[BlackTeam "Hessen"]
[WhiteTeamCountry "GER"]
[BlackTeamCountry "GER"]

1. d4 Nf6 2. Nf3 g6 3. e3 Bg7 4. Bc4 O-O 5. Nbd2 d6 6. O-O Nbd7 7. Re1 e5 8.
dxe5 dxe5 9. a3 Qe8 10. e4 Kh8 11. b4 Nb6 12. Bb3 Bg4 13. Qe2 Nh5 14. Bb2 Rd8
15. Qe3 f6 16. a4 Nf4 17. b5 Be6 18. Qc3 Bh6 19. Nf1 Bxb3 20. Qxb3 Nd7 21. Ne3
Nc5 22. Qc4 Nce6 23. Nd5 Bg7 24. Nxc7 Nxc7 25. Qxc7 Qe6 26. Qa5 Nxg2 27. Kxg2
Qg4+ 28. Kf1 Qxf3 29. Re3 Qh1+ 30. Ke2 Qxh2 31. Rd3 Qh5+ 32. Kd2 Bh6+ 33. Kc3
Rxd3+ 34. cxd3 Rc8+ 35. Kb3 Qe2 36. Rb1 Qxf2 37. Qb4 Bf8 38. Qe1 Qc2+ 0-1

[Event "DFMM-LV"]
[Site "Braunfels"]
[Date "2013.06.02"]
[Round "5.4"]
[White "Krilova, Marina"]
[Black "Just, Anita"]
[Result "1-0"]
[WhiteElo "2236"]
[BlackElo "1988"]
[PlyCount "119"]
[EventDate "2013.05.30"]
[EventType "team-swiss"]
[EventCountry "GER"]
[WhiteTeam "Hessen"]
[BlackTeam "Sachsen"]
[WhiteTeamCountry "GER"]
[BlackTeamCountry "GER"]

1. e4 e6 2. d4 d5 3. Nd2 c5 4. exd5 Qxd5 5. Ngf3 cxd4 6. Bc4 Qd6 7. O-O Nf6 8.
Qe2 Nc6 9. Nb3 Bd7 10. Rd1 Qc7 11. Nbxd4 Nxd4 12. Nxd4 a6 13. Bb3 O-O-O 14. h3
Bc5 15. Be3 Kb8 16. Nf3 Bb5 17. c4 Bxe3 18. cxb5 Ba7 19. bxa6 bxa6 20. Qxa6 Ne4
21. Rf1 Rd6 22. Qb5+ Rb6 23. Qe5 Qxe5 24. Nxe5 Nd2 25. Nd7+ Kb7 26. Nxb6 Nxf1
27. Nc4 Ng3 28. Rd1 Kc7 29. Ne5 Bc5 30. Rd7+ Kc8 31. Rxf7 Ne2+ 32. Kf1 Nd4 33.
Ba4 g6 34. Nd7 Bb4 35. a3 Bd2 36. Nb6+ Kb8 37. f3 Bc1 38. Nc4 Rc8 39. b3 Rc7
40. Rxc7 Kxc7 41. b4 Bf4 42. Kf2 Bc1 43. g3 Kd8 44. Bd1 Nb5 45. a4 Nc3 46. Bb3
Kc7 47. b5 Bg5 48. f4 Be7 49. Ke3 Bc5+ 50. Kd3 Nd5 51. Ke4 Bf2 52. g4 Bg3 53.
f5 gxf5+ 54. gxf5 Nf4 55. f6 Ng6 56. f7 Be1 57. Ne5 Nf8 58. Nc6 Nd7 59. Bxe6
Nf8 60. Kd5 1-0

[Event "DFMM-LV"]
[Site "Braunfels"]
[Date "2013.06.02"]
[Round "5.5"]
[White "Nobis, Martina"]
[Black "Heymann Lobzhanidze, Anna Luise"]
[Result "0-1"]
[WhiteElo "1881"]
[BlackElo "1988"]
[PlyCount "110"]
[EventDate "2013.05.30"]
[EventType "team-swiss"]
[EventCountry "GER"]
[WhiteTeam "Sachsen"]
[BlackTeam "Hessen"]
[WhiteTeamCountry "GER"]
[BlackTeamCountry "GER"]

1. e4 e5 2. Bc4 Nf6 3. d3 Bc5 4. Nf3 d6 5. c3 O-O 6. Bg5 h6 7. Bh4 Nbd7 8. Nbd2
Re8 9. b4 Bb6 10. Qb3 Qe7 11. O-O Nf8 12. a4 a5 13. bxa5 Bxa5 14. Qc2 c6 15.
Rfe1 Ng6 16. Bg3 Nh5 17. Nf1 Qf6 18. Ne3 Nhf4 19. Rab1 Ra7 20. Kh1 Nh3 21. Rec1
h5 22. Nf5 Bxf5 23. exf5 Qxf5 24. Nh4 Nxh4 25. Bxh4 Nf4 26. f3 d5 27. Ba2 Qg6
28. Qf2 Raa8 29. Rd1 Bxc3 30. Qc2 Qxg2+ 31. Qxg2 Nxg2 32. Kxg2 Rxa4 33. Bxd5
cxd5 34. Rb3 Bd4 35. Rxb7 Ra2+ 36. Kh3 Rc8 37. Rd7 f5 38. Rd8+ Rxd8 39. Bxd8 f4
40. Bh4 Bf2 41. Bg5 Bd4 42. Bh4 Kh7 43. Be1 Re2 44. Bh4 Kh6 45. Be1 Bg1 46. Bg3
fxg3 47. Rxg1 gxh2 48. Rh1 Kg5 49. Kg3 Rd2 50. Re1 h4+ 51. Kh3 Kf4 52. Kxh4
Kxf3 53. Kh3 g5 54. Rf1+ Rf2 55. Re1 g4+ 0-1

[Event "DFMM-LV"]
[Site "Braunfels"]
[Date "2013.06.02"]
[Round "5.6"]
[White "Pralle, Katharina"]
[Black "Neumeyer, Hannelore"]
[Result "1/2-1/2"]
[WhiteElo "1993"]
[BlackElo "1987"]
[PlyCount "31"]
[EventDate "2013.05.30"]
[EventType "team-swiss"]
[EventCountry "GER"]
[WhiteTeam "Hessen"]
[BlackTeam "Sachsen"]
[WhiteTeamCountry "GER"]
[BlackTeamCountry "GER"]

1. c4 e6 2. Nc3 d5 3. cxd5 exd5 4. d4 Nf6 5. Nf3 c6 6. Bg5 Be7 7. e3 O-O 8.
Bxf6 Bxf6 9. Bd3 Bg4 10. Qc2 g6 11. h3 Bxf3 12. gxf3 b5 13. Ne2 Re8 14. Kd2 Bh4
15. Rh2 Qa5+ 16. Qc3 1/2-1/2

[Event "DFMM-LV"]
[Site "Braunfels"]
[Date "2013.06.02"]
[Round "5.7"]
[White "von Keyserlingk, Chanda"]
[Black "Zahn, Nicol"]
[Result "1/2-1/2"]
[WhiteElo "1734"]
[BlackElo "1933"]
[PlyCount "158"]
[EventDate "2013.05.30"]
[EventType "team-swiss"]
[EventCountry "GER"]
[WhiteTeam "Sachsen"]
[BlackTeam "Hessen"]
[WhiteTeamCountry "GER"]
[BlackTeamCountry "GER"]

1. d4 f5 2. c4 Nf6 3. Nf3 d6 4. g3 g6 5. Bg2 Bg7 6. O-O O-O 7. Nc3 c6 8. d5 e5
9. dxe6 Bxe6 10. b3 Ne4 11. Nxe4 fxe4 12. Nd4 Bf5 13. Rb1 e3 14. Nxf5 exf2+ 15.
Rxf2 Rxf5 16. Rxf5 gxf5 17. Bf4 Qb6+ 18. Kh1 Be5 19. Bxe5 dxe5 20. Qd2 Na6 21.
Qg5+ Kh8 22. Qf6+ Kg8 23. Qe6+ Kg7 24. Qxe5+ Kg8 25. Qe6+ Kg7 26. Rf1 Rf8 27.
Qe7+ Rf7 28. Qg5+ Kh8 29. Rxf5 Rxf5 30. Qxf5 Qd8 31. Bh3 Qd1+ 32. Bf1 Qd8 33.
a3 Kg7 34. Qg4+ Kf7 35. Qf4+ Kg8 36. Qg4+ Kf7 37. Qf3+ Kg7 38. Qd3 Qf6 39. Qd7+
Kh6 40. Qh3+ Kg7 41. Qg4+ Kh8 42. Qf4 Qd8 43. b4 Kg7 44. e3 c5 45. b5 Nc7 46.
h4 Ne6 47. Qe5+ Kf7 48. Qf5+ Qf6 49. Qxf6+ Kxf6 50. Kg2 h6 51. Kf3 Ke5 52. Bh3
Ng7 53. Bc8 b6 54. g4 Ne8 55. Bb7 Nd6 56. Bd5 Nxb5 57. cxb5 Kxd5 58. g5 hxg5
59. h5 Ke5 60. a4 c4 61. e4 c3 62. Ke3 g4 63. h6 Kf6 64. e5+ Kg6 65. e6 g3 66.
h7 Kxh7 67. e7 g2 68. Kf2 g1=Q+ 69. Kxg1 c2 70. e8=Q c1=Q+ 71. Kf2 Qf4+ 72. Ke2
Qc4+ 73. Kf3 Qb3+ 74. Kf4 Kg7 75. Qe7+ Qf7+ 76. Qxf7+ Kxf7 77. Ke5 Ke7 78. Kd5
Kd7 79. Ke5 Ke7 1/2-1/2

[Event "DFMM-LV"]
[Site "Braunfels"]
[Date "2013.06.02"]
[Round "5.8"]
[White "Storkebaum, Ulrike"]
[Black "Gottschall, Ina"]
[Result "0-1"]
[WhiteElo "1847"]
[BlackElo "1710"]
[PlyCount "108"]
[EventDate "2013.05.30"]
[EventType "team-swiss"]
[EventCountry "GER"]
[WhiteTeam "Hessen"]
[BlackTeam "Sachsen"]
[WhiteTeamCountry "GER"]
[BlackTeamCountry "GER"]

1. e4 d6 2. d4 g6 3. c4 Nf6 4. Nc3 Bg7 5. h3 O-O 6. Nf3 Nbd7 7. Be3 c5 8. Rc1
b6 9. d5 Re8 10. Bd3 Nf8 11. O-O e6 12. Bg5 exd5 13. Nxd5 Bb7 14. Qd2 Bxd5 15.
exd5 Qd7 16. Rce1 Rxe1 17. Rxe1 Re8 18. Kf1 Rxe1+ 19. Qxe1 h6 20. Bd2 Qd8 21.
b4 N6d7 22. Bf4 Qf6 23. Bg3 cxb4 24. Qxb4 Qa1+ 25. Qb1 Qf6 26. Qe1 Nc5 27. Bc2
Qb2 28. Qe2 Nb7 29. a4 Qa1+ 30. Qd1 Qc3 31. Qd3 Qa1+ 32. Qd1 Qc3 33. Nd2 Nd7
34. Bf4 Ndc5 35. Be3 Nd3 36. Bxd3 Qxd3+ 37. Kg1 g5 38. Qg4 f5 39. Qh5 f4 40.
Qe8+ Kh7 41. Bxb6 axb6 42. Qc6 Nc5 43. Nf3 Ne4 44. Qxb6 Qd1+ 45. Kh2 Qf1 46. a5
Nxf2 47. Ng1 g4 48. hxg4 Nxg4+ 49. Kh3 Nf2+ 50. Kh2 Ng4+ 51. Kh3 h5 52. Kh4
Qe1+ 53. Kxh5 Nf6+ 54. Kg5 Qe5+ 0-1

[Event "DFMM-LV"]
[Site "Braunfels"]
[Date "2013.06.02"]
[Round "5.1"]
[White "Jeske, Kirsten"]
[Black "Benzen, Marthe"]
[Result "0-1"]
[WhiteElo "1987"]
[BlackElo "1923"]
[PlyCount "172"]
[EventDate "2013.05.30"]
[EventType "team-swiss"]
[EventCountry "GER"]
[WhiteTeam "Mecklenburg Vorpommern"]
[BlackTeam "Schleswig Holstein"]
[WhiteTeamCountry "GER"]
[BlackTeamCountry "GER"]

1. e4 e5 2. Nc3 Nf6 3. f4 d6 4. Nf3 Nbd7 5. Bc4 h6 6. d4 exd4 7. Nxd4 c6 8. O-O
Nb6 9. Be2 Bd7 10. Kh1 Qc7 11. Bf3 Be7 12. Qe1 O-O-O 13. a4 Bg4 14. Bxg4+ Nxg4
15. b4 Bf6 16. Nb3 Rde8 17. a5 Nd7 18. Bb2 d5 19. e5 Ndxe5 20. fxe5 Bxe5 21.
Qh4 h5 22. g3 Bf6 23. Qh3 d4 24. Nd1 Qd6 25. Nf2 Re2 26. Nxg4 hxg4 27. Qxg4+
Qe6 28. Qxe6+ fxe6 29. h4 e5 30. Kg1 Rxc2 31. Rf2 Rc4 32. Ba3 Rc3 33. Nd2 Rxg3+
34. Rg2 Rh3 35. Ne4 R8xh4 36. Nf2 Rf3 37. Bc1 d3 38. Ng4 Rh8 39. Bd2 Rfh3 40.
Nf2 Rf3 41. Re1 Rd8 42. Rg4 Rd7 43. Kg2 Rf5 44. Rg3 Bh4 45. Ne4 Kc7 46. Ree3
Bxg3 47. Nxg3 Rf4 48. Rxe5 Rc4 49. Ne4 b6 50. Kf3 Rcd4 51. Re6 R4d5 52. a6 Rh5
53. Bf4+ Kd8 54. Nd6 Re7 55. Nb7+ Ke8 56. Rxc6 Rd5 57. Rc8+ Kf7 58. Rd8 Red7
59. Rxd7+ Rxd7 60. Nd6+ Ke6 61. Ne4 Kd5 62. Nf2 Kc4 63. Bd2 Kb5 64. Ke3 Kxa6
65. Nxd3 Kb5 66. Ne5 Re7 67. Kd4 a6 68. Kd5 Re8 69. Kd4 Rd8+ 70. Kc3 Rd5 71.
Nd3 g5 72. Be1 g4 73. Nf4 Rd1 74. Ng2 Rc1+ 75. Kd2 Rxe1 76. Nxe1 Kxb4 77. Kc2
Ka3 78. Kb1 b5 79. Ng2 b4 80. Ne3 g3 81. Ng2 b3 82. Ne1 Kb4 83. Ng2 a5 84. Ne1
a4 85. Ng2 a3 86. Ne1 Kc3 0-1

[Event "DFMM-LV"]
[Site "Braunfels"]
[Date "2013.06.02"]
[Round "5.2"]
[White "Leib, Britta"]
[Black "Wulf, Constanze"]
[Result "1-0"]
[WhiteElo "1942"]
[BlackElo "1675"]
[PlyCount "111"]
[EventDate "2013.05.30"]
[EventType "team-swiss"]
[EventCountry "GER"]
[WhiteTeam "Schleswig Holstein"]
[BlackTeam "Mecklenburg Vorpommern"]
[WhiteTeamCountry "GER"]
[BlackTeamCountry "GER"]

1. d4 d5 2. Nf3 c6 3. g3 Nf6 4. Bg2 Bf5 5. O-O e6 6. Nbd2 Bd6 7. c4 Nbd7 8. b3
O-O 9. Bb2 Bg6 10. Ne5 Bxe5 11. dxe5 Ng4 12. Nf3 Qc7 13. cxd5 cxd5 14. Qd4 Nh6
15. Rac1 Qa5 16. a3 Rfc8 17. Ng5 Nf5 18. Qf4 h6 19. Nf3 Qb5 20. g4 Ne7 21. Nd4
Qb6 22. Qe3 Nc6 23. Nxc6 Rxc6 24. Qxb6 Rxb6 25. b4 Rc6 26. Rxc6 bxc6 27. Rc1
Rc8 28. Bd4 Nb6 29. f4 Kf8 30. Kf2 Ke8 31. Bf1 Kd7 32. e3 h5 33. g5 Be4 34. Be2
g6 35. Ke1 Rc7 36. Bc5 Nc8 37. Ba6 Kd8 38. Kd2 Kd7 39. a4 Kd8 40. Bd6 Nxd6 41.
exd6 Rd7 42. Rxc6 Rxd6 43. Rxd6+ Kc7 44. Rxe6 fxe6 45. Kc3 Kb6 46. Bd3 Bxd3 47.
Kxd3 Kc6 48. Kd4 Kd6 49. b5 h4 50. h3 e5+ 51. fxe5+ Ke6 52. a5 Kf5 53. b6 axb6
54. axb6 Kxg5 55. b7 Kf5 56. b8=Q 1-0

[Event "DFMM-LV"]
[Site "Braunfels"]
[Date "2013.06.02"]
[Round "5.3"]
[White "Morosova, Svetlana"]
[Black "Freter, Anke"]
[Result "1/2-1/2"]
[WhiteElo "1652"]
[BlackElo "1914"]
[PlyCount "26"]
[EventDate "2013.05.30"]
[EventType "team-swiss"]
[EventCountry "GER"]
[WhiteTeam "Mecklenburg Vorpommern"]
[BlackTeam "Schleswig Holstein"]
[WhiteTeamCountry "GER"]
[BlackTeamCountry "GER"]

1. d4 Nf6 2. Nf3 g6 3. c4 Bg7 4. e3 O-O 5. Nc3 d5 6. Bd3 dxc4 7. Bxc4 c5 8. O-O
Bg4 9. dxc5 Qa5 10. Be2 Nc6 11. h3 Bxf3 12. Bxf3 Qxc5 13. Qa4 Rac8 1/2-1/2

[Event "DFMM-LV"]
[Site "Braunfels"]
[Date "2013.06.02"]
[Round "5.4"]
[White "Hielscher, Ursula"]
[Black "Klinge, Sabina"]
[Result "1/2-1/2"]
[WhiteElo "1904"]
[BlackElo "1595"]
[PlyCount "121"]
[EventDate "2013.05.30"]
[EventType "team-swiss"]
[EventCountry "GER"]
[WhiteTeam "Schleswig Holstein"]
[BlackTeam "Mecklenburg Vorpommern"]
[WhiteTeamCountry "GER"]
[BlackTeamCountry "GER"]

1. d4 Nf6 2. Bg5 e6 3. e4 Be7 4. e5 Nd5 5. Bxe7 Qxe7 6. c4 Nb6 7. Nd2 c5 8. Qg4
O-O 9. Ngf3 d5 10. exd6 Qxd6 11. Ne4 Qe7 12. Nxc5 e5 13. Qe4 f6 14. Bd3 g6 15.
O-O-O Nc6 16. Qe2 Nxd4 17. Nxd4 Qxc5 18. Nb3 Qc7 19. Kb1 Be6 20. Rc1 Rac8 21.
Nd2 Qf7 22. b3 Rc7 23. Ne4 Qe7 24. Nc3 Rd8 25. h4 Rcd7 26. Bc2 Rd2 27. Qe3 Bf7
28. Rhe1 R2d4 29. f4 Qb4 30. fxe5 Nxc4 31. Qg3 Nxe5 32. Rcd1 Rxd1+ 33. Rxd1
Rxd1+ 34. Nxd1 Qg4 35. Qf2 f5 36. Qxa7 Nd7 37. Qxb7 Nf8 38. b4 Qxh4 39. Qb5 Qe1
40. Qc5 Ne6 41. Qc8+ Nf8 42. Qc3 Qg1 43. g3 Qf1 44. Bb3 Bxb3 45. Qxb3+ Kg7 46.
b5 Qh1 47. a4 Qe4+ 48. Kb2 f4 49. gxf4 Qxf4 50. Qc3+ Kf7 51. Kb3 h5 52. b6 Nd7
53. Qc7 Qd4 54. a5 Qxd1+ 55. Kb4 Ke6 56. Qc4+ Kd6 57. Qf4+ Ke7 58. Qe4+ Kf7 59.
Qc4+ Ke7 60. Qe4+ Kf7 61. Qc4+ 1/2-1/2

[Event "DFMM-LV"]
[Site "Braunfels"]
[Date "2013.06.02"]
[Round "5.5"]
[White "Klinge, Alexandra"]
[Black "Knof, Henrike"]
[Result "1/2-1/2"]
[WhiteElo "1568"]
[BlackElo "1547"]
[PlyCount "98"]
[EventDate "2013.05.30"]
[EventType "team-swiss"]
[EventCountry "GER"]
[WhiteTeam "Mecklenburg Vorpommern"]
[BlackTeam "Schleswig Holstein"]
[WhiteTeamCountry "GER"]
[BlackTeamCountry "GER"]

1. e4 e5 2. Nf3 Nc6 3. d4 exd4 4. Nxd4 Bc5 5. Be3 Qf6 6. c3 Nge7 7. Bc4 Ne5 8.
Be2 Qg6 9. Bf3 d5 10. Nd2 Nd3+ 11. Ke2 Nxb2 12. Qb3 Bxd4 13. Bxd4 Qa6+ 14. Ke1
Nd3+ 15. Kd1 Bd7 16. a4 Bxa4 17. Rxa4 Nb2+ 18. Qxb2 Qxa4+ 19. Qb3 Qxb3+ 20.
Nxb3 O-O 21. exd5 Rfd8 22. Kc2 Nxd5 23. Re1 a5 24. Nc1 a4 25. Na2 c6 26. Be2
Re8 27. Kd2 Nf4 28. Bf1 Red8 29. Kc2 Ne6 30. Be3 b5 31. Bc1 Rdb8 32. Ba3 Rb6
33. Rb1 Rab8 34. Be2 Nf4 35. Bf3 Ne6 36. Be2 c5 37. Bd3 b4 38. cxb4 cxb4 39.
Rxb4 Rxb4 40. Nxb4 Nd4+ 41. Kc3 Nc6 42. Bc2 Nxb4 43. Bxb4 Rc8+ 44. Kd2 Rc4 45.
Ba3 Rg4 46. g3 h5 47. Ke3 h4 48. Ke2 hxg3 49. hxg3 g6 1/2-1/2

[Event "DFMM-LV"]
[Site "Braunfels"]
[Date "2013.06.02"]
[Round "5.6"]
[White "Krupp, Katja"]
[Black "Sadewasser, Lucie"]
[Result "0-1"]
[WhiteElo "1632"]
[BlackElo "1513"]
[PlyCount "40"]
[EventDate "2013.05.30"]
[EventType "team-swiss"]
[EventCountry "GER"]
[WhiteTeam "Schleswig Holstein"]
[BlackTeam "Mecklenburg Vorpommern"]
[WhiteTeamCountry "GER"]
[BlackTeamCountry "GER"]

1. e4 e5 2. Nf3 Nc6 3. d4 exd4 4. Nxd4 Bc5 5. Be3 Qf6 6. c3 Nge7 7. Bc4 Qg6 8.
Qf3 Ne5 9. Qe2 Qxg2 10. Rf1 Qxh2 11. Nd2 Bxd4 12. Bxd4 N7g6 13. O-O-O d6 14.
Nf3 Qf4+ 15. Be3 Qxf3 16. Qxf3 Nxf3 17. Bb3 Bh3 18. Rh1 Bg2 19. Rh5 Nfe5 20.
Rg1 Bxe4 0-1

[Event "DFMM-LV"]
[Site "Braunfels"]
[Date "2013.06.02"]
[Round "5.7"]
[White "Schuenemann, Anne"]
[Black "Biehl, Katrin"]
[Result "0-1"]
[WhiteElo "1356"]
[BlackElo "1300"]
[PlyCount "56"]
[EventDate "2013.05.30"]
[EventType "team-swiss"]
[EventCountry "GER"]
[WhiteTeam "Mecklenburg Vorpommern"]
[BlackTeam "Schleswig Holstein"]
[WhiteTeamCountry "GER"]
[BlackTeamCountry "GER"]

1. e4 c6 2. d4 g6 3. Nf3 Bg7 4. Be2 e6 5. O-O d5 6. e5 Ne7 7. Bg5 b6 8. c3 c5
9. Nbd2 O-O 10. Rc1 Bb7 11. a3 Nd7 12. b4 c4 13. g4 h6 14. Be3 g5 15. Qc2 f5
16. gxf5 Nxf5 17. h3 Qe8 18. Nh2 Qg6 19. Kh1 Nxe5 20. dxe5 d4+ 21. Bf3 Bxf3+
22. Ndxf3 dxe3 23. Rg1 exf2 24. Qxf2 Nh4 25. Rcf1 Qe4 26. Re1 Qc6 27. Rg4 Nxf3
28. Nxf3 Rxf3 0-1